| 000 | 01023nam a2200277 i 4500 | ||
|---|---|---|---|
| 001 | 9734 | ||
| 003 | ES-MaACL | ||
| 005 | 20230906145739.0 | ||
| 007 | t| | ||
| 008 | 931209s1987 xxua |||| | eng d | ||
| 020 | _a0-262-23128-X | ||
| 080 | _a7.036(73)"19"(082) | ||
| 080 | _a7.071(73)"19"(082) | ||
| 245 | 0 | 0 |
_aBlasted allegories _b: an anthology of writings by contemporary artists / _cedited by Brian Wallis ; foreward by Marcia Tucker. |
| 260 |
_aNew York : _bThe New Museum of Contemporary Art ; _aCambridge, Massachusetts : _bThe MIT Press, _c[1987] |
||
| 300 |
_aXVII, 429 p. : _bil. ; _c24 cm. |
||
| 490 | 1 | _aDocumentary sources in contemporary art | |
| 504 | _aBibliografía: p. 417-427. | ||
| 650 | 1 | 4 |
_aArte norteamericano- _yS.XX. _910257 |
| 700 | 1 |
_aWallis, Brian. _9115969 |
|
| 700 | 1 |
_aTucker, Marcia. _9111630 |
|
| 710 | 2 |
_aNew Museum of Contemporary Art (New York) _95991 |
|
| 830 | 0 |
_aDocumentary sources in contemporary art _9228063 |
|
| 852 |
_aES-MaACL _jL-17189 |
||
| 999 |
_c9734 _d9734 |
||